00247nam a2200097Ia 4500008004100000041001200041100001700053245006600070260000600136650000700142221030s9999 xx 000 0 und d aEnglish aM. H. Dunham 0aData Mining - Introductory & Advanced Topicscby M. H. Dunham c0 aMc